• 首页
  • 本馆介绍
  • 公告通知
  • 最新文献
  • 馆藏检索
  • 电子资源
  • 读者导购
  • 参考咨询
  • 我的图书馆
  • 登录
  • 详细信息显示
  • 放入我的书架
  • 预约/预借图书
  • 作者相关作品
  • 分类相关作品
  • 丛书相关作品
  • 出版社相关作品

书目信息

  • 表格格式
  • 工作单格式
  • 卡片格式
题名:
会展服务与管理
    
 
作者: 刘松萍 主编
分册:  
出版信息: 北京   科学出版社  2011.6
页数: 213页
开本: 26cm
丛书名:
单 册:
中图分类: G245
科图分类:
主题词: 展览会--商业服务--高等教育--教材 , 展览会--商业管理--高等教育--教材 , 展览会 , 商业服务 , 商业管理
电子资源:
ISBN: 978-7-03-024722-3
000 00965nam0 2200289 45
001 1354516436
005 20130510100707.76
010    @a978-7-03-024722-3@dCNY24.00
100    @a20130108d2009 em y0chiy0110 ea
101 0  @achi
102    @aCN@b110000
105    @ay z 000yy
106    @ar
200 1  @a会展服务与管理@AHui Zhan Fu Wu Yu Guan Li@f刘松萍主编@FLiu Song Ping Zhu Bian
210    @a北京@c科学出版社@d2011.6
215    @a213页@d26cm
300    @a普通高等教育“十一五”国家级规划教材
330    @a本书立足于会展服务与管理的特点和过程,以会展服务于管理的内在逻辑为主线来整理、安排内容,并列举大量国内会展城市、行业协会、会展企业的案例。
606 0  @a展览会@x商业服务@x高等教育@j教材
606 0  @a展览会@x商业管理@x高等教育@j教材
606 0  @a展览会
606 0  @a商业服务
606 0  @a商业管理
690    @aG245@v5
701  0 @a刘松萍@ALiu Song Ping@g(女)@4主编
801    @aCN@bTANGWEI@c20130108
905    @b0830466-68@dG245@e15@f3
    
    会展服务与管理/刘松萍主编.-北京:科学出版社,2011.6
    213页;26cm
    普通高等教育“十一五”国家级规划教材
    
    ISBN 978-7-03-024722-3:CNY24.00
    本书立足于会展服务与管理的特点和过程,以会展服务于管理的内在逻辑为主线来整理、安排内容,并列举大量国内会展城市、行业协会、会展企业的案例。
●
相关链接 在E读中查询图书 在五车中查询图书 在当当中查询图书 在豆瓣中查询图书


正题名:会展服务与管理     索取号:G245/15         预约/预借

序号 登录号 条形码 馆藏地/架位号 状态 备注
1 0830466   208304663   第一样本阅览室/ [索取号:G245/15] 在馆    
2 0830467   208304672   密集书库-资源管理系/ [索取号:G245/15] 在馆    
3 0830468   208304681   第四借阅区/ [索取号:G245/15] 在馆    
唐山师范学院图书馆 欢迎您!
大连网信软件有限公司© 版权所有